5 Risposte in 15 Secondi: Capitali Africane - Statistics

Statistiche generali
  • Questo quiz è stato fatto 43 volte
  • Il punteggio medio è 4 su 5
Statistiche sulle risposte
Stato Capitale % Corretto
Etiopia Addis Abeba
100%
Algeria Algeri
100%
Madagascar Antananarivo
100%
Eritrea Asmara
100%
Repubblica Centrafricana Bangui
100%
Guinea-Bissau Bissau
100%
Guinea Conakry
100%
Senegal Dakar
100%
Tanzania Dodoma
100%
Sierra Leone Freetown
100%
Gibuti Gibuti
100%
Zimbabwe Harare
100%
Uganda Kampala
100%
Sudan Khartum
100%
Gabon Libreville
100%
Angola Luanda
100%
Kenya Nairobi
100%
Niger Niamey
100%
Mauritania Nouakchott
100%
Benin Porto-Novo
100%
São Tomé e Príncipe São Tomé
100%
Libia Tripoli
100%
Camerun Yaoundé
100%
Marocco Rabat
80%
Gambia Banjul
75%
Sudafrica Città del Capo / Pretoria / Bloemfontein
75%
Liberia Monrovia
75%
Seychelles Victoria
75%
Ghana Accra
67%
Mali Bamako
67%
Zambia Lusaka
67%
Somalia Mogadiscio
67%
Comore Moroni
50%
Ciad N'Djamena
50%
Burkina Faso Ouagadougou
50%
Tunisia Tunisi
50%
Burundi Gitega
33%
Lesotho Maseru
33%
Costa d'Avorio Yamoussoukro
33%
Mozambico Maputo
25%
Nigeria Abuja
0%
Repubblica del Congo Brazzaville
0%
Botswana Gaborone
0%
Sudan del Sud Giuba
0%
Egitto Il Cairo
0%
Rwanda Kigali
0%
Repubblica Democratica del Congo Kinshasa
0%
Malawi Lilongwe
0%
Togo Lomè
0%
Guinea Equatoriale Malabo
0%
Eswatini Mbabane
0%
Mauritius Port Louis
0%
Capo Verde Praia
0%
Namibia Windhoek
0%
Nessun quiz corrispondente trovato
Distribuzione punteggi
Percentuale di utenti per punteggio
Percentile per numero di risposta
I tuoi punteggi nel tempo
Non hai fatto questo quiz